000 00766nam a2200217Ii 4500
003 JO-AjNU
008 230605s9999||||xx |||||||||||||| ||und||
017 _a1994/6/533
040 _aJO-AjNU
_bara
_erda
_cJO-AjNU
041 _aara
050 1 4 _aJS151.1994
100 3 _aشطناوي ، علي خطار,
_eauthor
_921210
245 0 0 _aالإدارة المحلية وتطبيقاتها في الأردن وفرنسا
250 _aط1
264 3 1 _aعمان : المركز العربي للخدمات الطلابية ، 1994
300 _a264ص
336 _atext
_btxt
_2rdacontent
337 _aunmediated
_bn
_2rdamedia
338 _avolume
_bnc
_2rdacarrier
650 4 _aادارة محلية - الأردن -- ادارة محلية - فرنسا
_921211
999 _aA7329
_c10897
_d10897